| 000 | 01064cam a2200169 4500500 | ||
|---|---|---|---|
| 005 | 20260405004648.0 | ||
| 041 | _afre | ||
| 042 | _adc | ||
| 100 | 1 | 0 |
_aBonhommet, Julie _eauthor |
| 700 | 1 | 0 |
_aDoineau, Emmanuelle _eauthor |
| 245 | 0 | 0 | _aUna herramienta terapéutica para autores de violencia doméstica: El ciclo de la violencia doméstica |
| 260 | _c2025. | ||
| 500 | _a18 | ||
| 520 | _aEl ciclo de la violencia doméstica (modelo de Walker) es una de las herramientas imprescindibles en nuestra práctica clínica con los autores de violencia doméstica. En este artículo describimos cómo lo utilizamos como apoyo terapéutico en sesiones grupales, en forma de un esquema sencillo, con material de video y en forma de juego de rol. Facilita la identificación de problemas violentos en el sujeto y contribuye a la labor de responsabilización de las y los autores de actos violentos. | ||
| 786 | 0 | _nEmpan | 140 | 4 | 2025-11-25 | p. 124-133 | 1152-3336 | |
| 856 | 4 | 1 | _uhttps://shs.cairn.info/revista-empan-2025-4-page-124?lang=es&redirect-ssocas=7080 |
| 999 |
_c2077411 _d2077411 |
||